000 00648nam a22001817a 4500
005 20120214115842.0
020 _a300.00
035 _aB-89786
037 _b
_adpl
082 _a220.21
100 _a
_941890
245 1 _aसामवेद /
_c
260 _aदिल्ली
_bसाई पॉकेट बुक्स
_c2004
270 _a
_b
_e
_k
300 _a288पृ.
_c22सेमी (सजिल्द)
942 _adpl
_cHN
_k
_2ddc
_h220.21
_mसामवे
999 _c62715
_d62715